000 00334 a2200169 4500
001 182658
020 _a978-85-250-4371-9
040 _cMagnum
100 _aLobato, Monteiro
240 1 0 _aUrupês
_lpor
245 1 0 _aUrupês
300 _a177
362 0 _a2007
440 1 _aGlobo
697 _aLITERATURA GERAL
942 _cBK
999 _c182658
_d182658